000
00344pab a2200145 454500
008
180718b88-9 xxu||||| |||| 00| 0 eng d
100
_a
Long, Donald C.
245
_a
Reagan's financial management legacy
260
_c
88-9
300
_a
25-8
362
_a
Winter
650
_a
Finance, Public - U.S.A.
773
_a
Bureaucrat
909
_a
8949
999
_c
8949
_d
8949